Statistics for Taylor Swift - Glitch (Lyrics)

Click here to take the quiz!

General Stats

  • This quiz has been taken 626 times
  • The average score is 172 of 208

Answer Stats

Answer% Correct
a
99%
A
99%
be
99%
Glitch,
99%
glitch
99%
glitch,
99%
I
99%
The
99%
been
96%
think
96%
You
96%
you
96%
to
95%
I'm
94%
there's
94%
my
92%
so
92%
In
91%
in
91%
It
91%
we
91%
We
91%
And
89%
and
89%
must
89%
no
89%
were
89%
on
88%
just
87%
out
87%
system
87%
not
86%
friends
85%
later,
85%
later
85%
of
85%
seconds
85%
stitch,
85%
supposed
85%
with
85%
Five
83%
love
82%
counterfeit
81%
even
81%
our
81%
some
81%
sorry,
81%
But
80%
but
80%
down
80%
what
80%
breaking
79%
was
79%
Blood
78%
I'll
78%
myself
78%
system's
78%
don't
77%
weekend
77%
are
76%
it's
76%
see
76%
live
74%
town,
74%
what's
74%
starry
73%
fastening
72%
maybe
72%
part
72%
situation-ship
71%
Depending
70%
kind
69%
mood
68%
nights
68%
sweat
68%
blackout
67%
days
67%
moonlit
67%
go
65%
one
65%
that's
64%
two
64%
dance
63%
had
63%
let's
63%
who
63%
chance
61%
hundred
61%
romance,
61%
thousand
61%
back
60%
playground
60%
someone
60%
interruption,
59%
thought
59%
else's
58%
malfunction
58%
nothing
58%
slight
58%
I'd
57%
brief
55%
glorious
54%
give
52%
ninety
52%
wanting
52%
dudes
51%
happenings
51%
happenstance
47%
search
46%

Score Distribution

Percentile by Number Answered

Percent of People with Each Score

Your Score History

You have not taken this quiz